000 00683cam a2200217 a 4500
001 1459892
005 20180208053159.0
008 860109s1986 nyua b 001 0 eng
010 _a 86001054
020 _a0202303217 (lib. bdg.)
040 _aDLC
_cDLC
_dDLC
041 _aeng
080 _a306.85 LAN
082 0 0 _a306.85 LAN
_219
100 _a50
101 _aSOC
245 0 0 _aSchool-age pregnancy and parenthood :
_cedited by Jane B. Lancaster, Beatrix A. Hamburg ; sponsored by the Social Science Research Council.
504 _aIncludes bibliographies and index.
906 _a7
_bcbc
_corignew
_d1
_eocip
_f19
_gy-gencatlg
942 _2ddc
_cBK
999 _c42129
_d42129